000 00496nam a22001937a 4500
003 OSt
005 20220107122733.0
008 140407b xxu||||| |||| 00| 0 eng d
020 _a9789332500297
040 _cIIITM-K
082 _a005.453 SUN/C
100 _aSunitha, K.V.N
_93693
245 _aCompiler construction
_cby K.V.N Sunitha
260 _aNew Delhi,
_bPearson,
_c2013.
300 _axviii, 453p.
650 _aCOMPUTER SCIENCE
_93694
650 _aCOMPILING
_93695
942 _2ddc
_cBK
999 _c3731
_d3731